| 000 | 01179nam0a22003251 4500 | ||
|---|---|---|---|
| 001 | v19\rc\2000670 | ||
| 005 | 20251118181233.7 | ||
| 035 | _a(NLR Aleph) 005070261 | ||
| 090 |
_a7088102 _c7088102 |
||
| 100 | _a20080811d1915 |||y0rusy50 ca | ||
| 101 | 1 |
_arus _ceng |
|
| 102 | _aRU | ||
| 105 | _ay z ||||| | ||
| 200 | 1 |
_aТрое в одной лодке (кроме собаки) _fДжером К. Джером _gПер. с англ. М.А. Энгельгардт |
|
| 205 | _a[3-е изд.] | ||
| 210 |
_aМосква _c"Польза" В. Антик и К° _d1915 |
||
| 215 |
_a202 с. _d14 |
||
| 225 | 1 |
_aУниверсальная библиотека _v№ 359-360 |
|
| 532 | 1 | 3 | _aТрое в одной лодке кроме собаки |
| 700 | 1 |
_aДжером _bД. К. _f1859-1927 _gДжером Клапка |
|
| 702 | 1 |
_aЭнгельгардт _bМ. А. _f1861-1915 _gМихаил Александрович _4730 |
|
| 801 | 0 |
_aRU _bNLR _gpsbo |
|
| 801 | 0 |
_aRU _bRuMoRGB _2psbo |
|
| 801 | 1 |
_aRU _bProSoft-M _2rusmarc |
|
| 830 | _aЭкз. утрачен | ||
| 852 |
_aNLR _j37.40.10.1 |
||
| 899 |
_aRuMoRGB _jV 127/308 |
||
| 942 | _cBOOK | ||
| 980 | _aNB | ||